Movies Quiz

Random Movies Quiz

1 Category. 1 Movie. 2 Actresses Quiz Stats

 Plays Quiz not verified by Sporcle

Challenge
Share
Tweet
Score 0/20 Timer 10:00
0 Plays Today
% Correct
Thelma and Louise
96.3%
Up in the Air
87.5%
The Fighter
85%
Terms of Endearment
83.8%
Chicago
83.8%
Gone With the Wind
80%
Almost Famous
80%
The Help
80%
The Color Purple
71.3%
All About Eve
67.5%
% Correct
Working Girl
67.5%
Gosford Park
66.3%
Doubt
65%
Kramer vs. Kramer
58.8%
Paper Moon
57.5%
Bullets Over Broadway
55%
The Last Picture Show
52.5%
Nashville
47.5%
The Turning Point
46.3%
Suddenly, Last Summer
42.5%

You're not logged in!

Compare scores with friends on all Sporcle quizzes.
OR
Log In

You Might Also Like...

Show Comments

Extras

Created Feb 10, 2017ReportNominate
Tags:Oscar Nominated

Top Quizzes Today


Score Distribution

Your Account Isn't Verified!

In order to create a playlist on Sporcle, you need to verify the email address you used during registration. Go to your Sporcle Settings to finish the process.

Report this User

Report this user for behavior that violates our Community Guidelines.

Details: